|
|
|
|
| LEADER |
01037nam a22003012a 4500 |
| 001 |
001945638 |
| 003 |
CZ BrMZK |
| 005 |
20250828134511.0 |
| 007 |
ta |
| 008 |
250828s1989 xr ag er 000 0 cze d |
| 015 |
|
|
|a cnb000056919
|
| 020 |
|
|
|q (Brož.)
|
| 035 |
|
|
|a (OCoLC)39429512
|
| 040 |
|
|
|a ABA001
|b cze
|d ABA001
|d BOA001
|
| 080 |
9 |
|
|a 379.8
|
| 100 |
1 |
|
|a Tetourová, Marie,
|d 1935-2015
|7 jn20001005512
|4 aut
|
| 245 |
1 |
0 |
|a Správným klukům /
|c Marie Tetourová ; ilustrace Edita Plicková
|
| 260 |
|
|
|a Praha :
|b Svépomoc,
|c 1989
|e (Bratislava :
|f Polygraf. závody)
|
| 300 |
|
|
|a 157 s. :
|b il. (převážně barev.), noty ;
|c 20 cm
|
| 500 |
|
|
|a Ilustr. tit. list
|
| 500 |
|
|
|a Neprodejné
|
| 550 |
|
|
|a Vydavatel: Česká státní spořitelna
|
| 700 |
1 |
|
|a Plicková, Edita,
|d 1940-
|7 jk01093465
|4 ill
|
| 710 |
2 |
|
|a Česká státní spořitelna
|7 kn20050513001
|
| 910 |
|
|
|a BOA001
|b 2-1546.935
|
| 990 |
|
|
|a BK
|
| 991 |
|
|
|b 202508
|
| 996 |
6 |
|
|b 2611009496
|c 2-1546.935
|l MZK
|r Sklad / do 1 hodiny
|n 0
|p dar
|w 002016357
|u 000010
|a 1
|e BOA001
|j MZK50
|s P
|